La estrategia naval del Imperio (Record no. 43651)

MARC details
000 -LEADER
campo de control de longitud fija 00640nam a2200181 i 4500
001 - NÚMERO DE CONTROL
campo de control 43651
003 - IDENTIFICADOR DE NÚMERO DE CONTROL
campo de control ES-MaACL
005 - FECHA Y HORA DE LA ÚLTIMA TRANSACCIÓN
campo de control 20230906160842.0
007 - CAMPO FIJO DE DESCRIPCIÓN FÍSICA--INFORMACIÓN GENERAL
campo de control de longitud fija t|
008 - DATOS DE LONGITUD FIJA--INFORMACIÓN GENERAL
campo de control de longitud fija 030318s1982 sp ||||1| spa d
100 1# - ENTRADA PRINCIPAL--NOMBRE DE PERSONA
Nombre de persona Cervera Pery, José.
9 (RLIN) 37642
245 13 - MENCIÓN DEL TÍTULO
Título La estrategia naval del Imperio
Resto del título : auge, declive y ocaso de la marina de los Austrias /
Mención de responsabilidad, etc. José Cervera Pery.
260 ## - PUBLICACIÓN, DISTRIBUCIÓN, ETC.
Lugar de publicación, distribución, etc. Madrid :
Nombre del editor, distribuidor, etc. San Martín,
Fecha de publicación, distribución, etc. [1982]
300 ## - DESCRIPCIÓN FÍSICA
Extensión 266 p., 4 lám. ;
Dimensiones 21 cm.
500 ## - NOTA GENERAL
Nota general Precede al tít.: Instituto de Historia y Cultura Naval.
710 2# - ENTRADA AGREGADA--NOMBRE DE ENTIDAD CORPORATIVA
Nombre de entidad corporativa o nombre de jurisdicción como elemento de entrada Instituto de Historia y Cultura Naval (Madrid)
9 (RLIN) 4957
852 ## - LOCALIZACIÓN
Ubicación ES-MaACL
Número de control de estantería L-3454
Sublocalización o colección R.104255
Holdings
Estatus retirado Estado de pérdida Estado de daño No para préstamo Biblioteca de origen Biblioteca actual Ubicación en estantería Fecha de adquisición Fuente de adquisición Total de préstamos Signatura topográfica completa Código de barras Visto por última vez Precio de reemplazo Tipo de ítem Koha
        Biblioteca del Ateneo de Madrid Biblioteca del Ateneo de Madrid Depósito 2 17/01/2008     L-3454 1045949 23/02/2023 23/02/2023 Libro impreso